000 00632nam a22002297a 4500
003 UA-OsUOA
001 62240
007 ta
008 20090814b un ||||| |||| 00| 0 ukr d
100 _aСталин И.
090 _a82-5
_bС76
942 _cBK
040 _aUA-OsUOA
_brus
_cUA-OsUOA
_dUA-OsUOA
245 _aОб основах ленинизма. К вопросам ленинизма.
300 _a140 с.
955 _a2
041 _arus
080 _a82-5
260 _aМ.
_bГосполитиздат
_c1940
650 7 _a82 Література. Літературознавство
_2UDC
999 _c348330
_d348330